Представление документа в формате RUSMARC

ПолеНазваниеЗначение
  Тип записи a
  Библиографический уровень a
001 Контрольный номер RU/CBS_UL/BASE/d7cb647fc7804a4498ad0b8df0372858
005 Дата корректировки 20240221142312.2
100 Данные общей обработки __
a Данные общей обработки 20240221 ||| 0rusy0189 ca
101 Язык документа 0_
a Язык текста rus
102 Страна публикации __
a Страна публикации RU
200 Заглавие и сведения об ответственности 1_
a Заглавие Конспект ОД по познавательному развитию в старшей группе для детей с ТНР "Следопыты"
e Сведения, относящиеся к заглавию [конспект образовательной деятельности в старшей группе детского сада для детей с тяжёлыми нарушениями речи]
f Первые сведения об ответственности О. Алушкина
300 Общие примечания __
a Общие примечания 0+
461 Уровень набора _0
1 2000
a Дошкольная педагогика
463 Уровень физической единицы _0
1 2000
a № 7
v С. 13-15
1 2101
d 2023
1 001RU/CBS_UL/BASE/9d3264cff33c402f871bcb8646961b0c
606 Тематические рубрики 0_
a Основная рубрика Дошкольная педагогика - Дети с ограниченными возможностями здоровья
610 Ключевые слова 0_
a Ключевые слова педагогика
610 Ключевые слова 0_
a Ключевые слова дошкольная педагогика
610 Ключевые слова 0_
a Ключевые слова дошкольное воспитание
610 Ключевые слова 0_
a Ключевые слова дети с ограниченными возможностями здоровья
610 Ключевые слова 0_
a Ключевые слова дети с нарушением речи
610 Ключевые слова 0_
a Ключевые слова занятия для детей с нарушениями речи
686 Индексы других классификаций __
2 Код системы rubbk
a Классификационный индекс 74.1
700 Автор _1
a Фамилия Алушкина
b Имя (инициалы) О.
801 Источник записи _0
a Страна RU
b Организация МБУК ЦБС г. Ульяновска
c Дата составления 20240221
g Правила каталогизации RCR
801 Источник записи _1
a Страна RU
b Организация МБУК ЦБС г. Ульяновска
c Дата составления 20240221
g Правила каталогизации RCR
901 Тип документа __
t Тип документа b
w Контрольный № источника RU/CBS_UL/BASE/9d3264cff33c402f871bcb8646961b0c